00785 a2200385 4500000002100000001000700021005001700028008004100045010000500086020000500091082001900096100002100115110000500136245008600141250000500227260003800232300001000270490000700280500000500287600000500292610000500297611000500302630000500307650000500312651000500317654000500322700002900327710000900356711000500365720000500370730000500375740000500380752000500385856000900390BKB 06978120200902150346.0  a a a658.8342bH85C1 aHofyer, Wayne D. a1 aConsumer behavior: a marketer's toolcby Wayne D. Hoffman and Deborah J. Maclnnis a aAustraliabCengage Learningc2011 a634p. av a a a a a a a a aMacInnis, Deborah J.bc abc a a a a a adf